000 00836cam a22002411 4500
001 af 47000673
003 DLC
005 20260227110804.0
008 910322s1944 it ac 000 0 ita c
010 _aaf 47000673
035 _a(OCoLC)23285703
040 _aIllinois. Univ. Library
_cCU
_dDLC
042 _apremarc
050 0 0 _aPQ4730.P7
_bA12
100 1 _aPorta, Carlo Antonio Melchiore Filippo,
_d1775-1821.
245 0 3 _aLa Ninetta del Verzee e le "Poesie inedite."
_cCon introduzione di Renato Arienta. 20 disegni e 1 ritratto.
260 _aMilano,
_bEditoriale italiana
_c[1944]
300 _a78, [2] p. incl. illus., port.
_c22 cm.
440 0 _aCollezione "Folklore."
_v[3]
500 _aAt head of title: Carlo Porta.
500 _a"Edizione fuori commercioi reservata ai bibliotili."
700 1 _aArienta, Renato,
_eed.
999 _c906
_d906